[Event "AUTO-MASTER-2176"]
[Site "http://www.queenalice.com/game.php?id=1316770"]
[Date "2014.10.20"]
[Round "1"]
[White "chessman"]
[Black "Bobtzu"]
[Result "1-0"]
[WhiteElo "1978"]
[BlackElo "2146"]

1. e4 d5 2. exd5 Qxd5 3. Nc3 Qa5 4. d4 c6 5. Nf3 Nf6 6. Bc4 Bf5 7. O-O e6 8. Re1
Nbd7 9. d5 cxd5 10. Nxd5 Qc5 11. Bb3 Nxd5 12. Bxd5 Bxc2 13. Qd2 Rb8 14. Bxe6
fxe6 15. Rxe6+ Be7 16. Qe2 Bg6 17. Bg5 Nf6 18. Bxf6 gxf6 19. Re1 Kf8 20. Rxe7
Qc8 21. Qe3 h6 22. Ne5 fxe5 23. Qxe5 Rh7 24. Qf6+ Bf7 25. Rxf7+ 1-0

[Event "AUTO-MASTER-2176"]
[Site "http://www.queenalice.com/game.php?id=1316771"]
[Date "2014.10.20"]
[Round "1"]
[White "Bobtzu"]
[Black "chessman"]
[Result "1/2-1/2"]
[WhiteElo "2153"]
[BlackElo "1981"]

1. e4 e6 2. d4 d5 3. exd5 exd5 4. Bf4 Nf6 5. Bd3 Bd6 6. Ne2 O-O 7. O-O c6 8. c3
Bg4 9. f3 Be6 10. Qc2 h6 11. Nd2 Qc7 12. Bxd6 Qxd6 13. Rae1 c5 14. dxc5 Qxc5+
15. Kh1 Nc6 16. Nb3 Qb6 17. Ned4 Rfe8 18. Nxc6 bxc6 19. Nd4 a6 20. f4 c5 21.
Nxe6 Rxe6 22. b3 Rae8 23. Qd2 Ne4 24. Bxe4 dxe4 25. f5 Rf6 26. h3 a5 27. Qd5 Rd6
28. Qc4 Qc6 29. Re2 Qd5 30. Qxd5 Rxd5 31. Rf4 Rde5 32. Re3 f6 33. g4 Kf7 34. Kg2
R8e7 35. Kg3 g5 36. fxg6+ Kxg6 37. h4 Re8 38. Rf2 R8e6 39. Rfe2 f5 40. gxf5+
Rxf5 41. Rxe4 Ref6 42. Re6 Rf3+ 43. Kg2 Rxc3 44. R6e5 Rff3 45. Re6+ Kh5 46.
R2e5+ Kxh4 47. Rxh6+ Kg4 48. Rhh5 Rc2+ 1/2-1/2

[Event "AUTO-MASTER-2176"]
[Site "http://www.queenalice.com/game.php?id=1316782"]
[Date "2014.10.20"]
[Round "1"]
[White "asantos82"]
[Black "Bobtzu"]
[Result "1-0"]
[WhiteElo "2072"]
[BlackElo "2148"]

1. e4 d5 2. exd5 Qxd5 3. Nc3 Qd6 4. d4 Nf6 5. Nf3 a6 6. g3 c5 7. dxc5 Qxc5 8.
Be3 Qc7 9. Bg2 b5 10. Bf4 Qb6 11. Qd4 Nbd7 12. Qxb6 Nxb6 13. Ne5 Ra7 14. Be3 Bb7
15. Bxb6 Bxg2 16. Bxa7 Bxh1 17. O-O-O Bb7 18. Bb6 e6 19. Rd8+ Ke7 20. Rb8 Nd5
21. Rxb7+ Kf6 22. f4 Be7 23. Nxd5+ exd5 24. Bd4 Re8 25. Nc6+ Ke6 26. Nxe7 Rxe7
27. Rxe7+ Kxe7 28. Bxg7 1-0

[Event "AUTO-MASTER-2176"]
[Site "http://www.queenalice.com/game.php?id=1316783"]
[Date "2014.10.20"]
[Round "1"]
[White "Bobtzu"]
[Black "asantos82"]
[Result "0-1"]
[WhiteElo "2118"]
[BlackElo "2102"]

1. d4 c5 2. Nf3 cxd4 3. Nxd4 Nf6 4. c4 e5 5. Nb5 d5 6. cxd5 Bc5 7. d6 O-O 8. Nc7
Ne4 9. e3 Bb4+ 10. Bd2 Nxd2 11. Nxd2 Qxd6 12. Nxa8 Rd8 13. Be2 Bxd2+ 14. Kf1 Nc6
15. Qc2 Qb8 16. Rd1 Ba5 17. Rxd8+ Bxd8 18. Bd3 h6 19. Bh7+ Kf8 20. Be4 Qxa8 21.
Ke2 Bd7 22. Rd1 Bg4+ 23. f3 Be6 24. a3 Bb6 25. Rd6 Na5 26. Qa4 Qc8 27. Kf2 Bxe3+
28. Kxe3 Nc4+ 29. Kf2 Nxd6 30. Qb4 Qc7 0-1

[Event "AUTO-MASTER-2176"]
[Site "http://www.queenalice.com/game.php?id=1316788"]
[Date "2014.10.20"]
[Round "1"]
[White "LOMBARDY"]
[Black "Bobtzu"]
[Result "0-1"]
[WhiteElo "2081"]
[BlackElo "2143"]

1. Nf3 Nf6 2. g3 d5 3. Bg2 c5 4. O-O Nc6 5. d4 e6 6. c4 Be7 7. Nc3 O-O 8. e3
cxd4 9. exd4 dxc4 10. Be3 Qc7 11. Qa4 Bd7 12. Qxc4 Rac8 13. Qe2 Rfe8 14. Rac1
Qa5 15. a3 Nd5 16. Nxd5 exd5 17. Qd3 Bf6 18. b4 Qd8 19. Bf4 Be6 20. Rfe1 h6 21.
Be3 Qd7 22. Qd2 Ne7 23. Rc5 Nf5 24. Rec1 Nxe3 25. Qxe3 b6 26. Rxc8 Rxc8 27.
Rxc8+ Qxc8 0-1

[Event "AUTO-MASTER-2176"]
[Site "http://www.queenalice.com/game.php?id=1316789"]
[Date "2014.10.20"]
[Round "1"]
[White "Bobtzu"]
[Black "LOMBARDY"]
[Result "1-0"]
[WhiteElo "2129"]
[BlackElo "2207"]

1. e4 c5 2. Nf3 d6 3. Bb5+ Nc6 4. Bxc6+ bxc6 5. O-O g6 6. c4 Bg7 7. Nc3 Nf6 8.
d3 O-O 9. h3 a5 10. Rb1 e6 11. Bg5 Qc7 12. Qd2 Re8 13. Bh6 Bh8 14. Ng5 d5 15. f4
Ba6 16. e5 Nh5 17. Qf2 Qe7 18. b3 Bg7 19. Bxg7 Nxg7 20. Qh4 h5 21. Ne2 Nf5 22.
Qf2 a4 23. g4 hxg4 24. hxg4 Nh6 25. Qh4 Kg7 26. Kg2 Qd8 27. Qxh6+ Kxh6 28. Rh1+
Kg7 29. Rh7+ Kg8 30. Rbh1 Kf8 31. Rxf7+ Kg8 32. Rfh7 Qxg5 33. Rh8+ 1-0

[Event "AUTO-OPEN-3192"]
[Site "http://www.queenalice.com/game.php?id=1317342"]
[Date "2014.10.23"]
[Round "3"]
[White "Bobtzu"]
[Black "Ninho"]
[Result "1-0"]
[WhiteElo "2106"]
[BlackElo "2008"]

1. e4 c5 2. f4 d5 3. Bb5+ Bd7 4. Bxd7+ Qxd7 5. e5 Nc6 6. Nf3 e6 7. O-O b6 8. d3
Nge7 9. Be3 d4 10. Bf2 Nd5 11. Qd2 Be7 12. Na3 Na5 13. c4 Nc7 14. Bh4 Bxh4 15.
Nxh4 O-O 16. Nc2 f5 17. Qf2 g6 18. Nf3 Nc6 19. Qh4 Kg7 20. Ng5 h6 21. Nf3 Qe7
22. Rae1 Qxh4 23. Nxh4 g5 24. fxg5 hxg5 25. Nf3 Kg6 26. Kf2 a5 27. h3 Nb4 28.
Nxb4 axb4 29. Ra1 g4 30. Nh4+ Kg5 31. g3 f4 32. Kg2 fxg3 33. Kxg3 Rxf1 34. Rxf1
Rxa2 35. hxg4 Kh6 36. Rf6+ Kg7 37. Rg6+ Kf7 38. Rf6+ Kg7 39. Rf2 b3 40. g5 Ra8
41. g6 Rf8 42. Rxf8 Kxf8 43. Kg4 Kg7 44. Kg5 Na6 45. Ng2 Nb4 46. Nf4 1-0

[Event "AUTO-OPEN-3192"]
[Site "http://www.queenalice.com/game.php?id=1317343"]
[Date "2014.10.23"]
[Round "3"]
[White "Ninho"]
[Black "Bobtzu"]
[Result "1-0"]
[WhiteElo "1986"]
[BlackElo "2134"]

1. e4 d5 2. exd5 Qxd5 3. Nc3 Qa5 4. d4 c6 5. Nf3 Nf6 6. Be2 Bf5 7. O-O e6 8. Bd2
Qb6 9. Rb1 Nbd7 10. Be3 Qa5 11. a3 Bd6 12. Bd2 Qc7 13. h3 O-O 14. Be3 Rad8 15.
Bd3 Bxd3 16. Qxd3 Bf4 17. Rbd1 Bxe3 18. Qxe3 Nb6 19. b3 Nbd5 20. Nxd5 Nxd5 21.
Qd2 Qe7 22. b4 Nf6 23. c4 Rfe8 24. Rfe1 h6 25. Qc3 Rd6 26. d5 cxd5 27. c5 Rc6
28. Ne5 Rc7 29. Qd4 Rec8 30. Rc1 Qe8 31. Re3 Qb5 32. f3 b6 33. Rec3 Qe2 34. a4
Nd7 35. Nxd7 Rxd7 36. cxb6 Rxc3 37. Qxc3 Qa6 38. Qc8+ Qxc8 39. Rxc8+ Kh7 40. Rc7
1-0

[Event "AUTO-MASTER-2240"]
[Site "http://www.queenalice.com/game.php?id=1338451"]
[Date "2015.1.31"]
[Round "1"]
[White "Bobtzu"]
[Black "Janivgm"]
[Result "0-1"]
[WhiteElo "2089"]
[BlackElo "1912"]

1. e4 e5 2. Nf3 Nf6 3. Nc3 Nc6 4. Bc4 Nxe4 5. Nxe4 d5 6. Bd3 dxe4 7. Bxe4 Bg4 8.
O-O Qf6 9. h3 Bd7 10. Re1 Bc5 11. Bxc6 Bxc6 12. Rxe5+ Be7 13. Re3 O-O 14. c3 Bd6
15. d4 Bd5 16. Bd2 Rfe8 17. Rxe8+ Rxe8 18. Qa4 Bc6 19. Qxa7 b6 20. b4 Ra8 0-1

[Event "AUTO-MASTER-2240"]
[Site "http://www.queenalice.com/game.php?id=1338452"]
[Date "2015.1.31"]
[Round "1"]
[White "Janivgm"]
[Black "Bobtzu"]
[Result "1-0"]
[WhiteElo "1948"]
[BlackElo "2081"]

1. d4 d5 2. c4 dxc4 3. e4 Nf6 4. e5 Nd5 5. Bxc4 e6 6. Nc3 Bb4 7. Bd2 Nc6 8. Nxd5
Bxd2+ 9. Qxd2 exd5 10. Bb5 Bd7 11. Nf3 O-O 12. O-O a6 13. Bd3 Ne7 14. b4 Bg4 15.
Qf4 Bh5 16. Nh4 Ng6 17. Nxg6 Bxg6 18. Bxg6 hxg6 19. a4 c6 20. a5 Qd7 21. Rfe1
Qf5 22. Qe3 Rfe8 23. Ra2 Re6 24. h3 f6 25. Rae2 Rae8 26. g4 Qe4 27. Qxe4 dxe4
28. Rxe4 g5 29. Kg2 Kf7 30. Kg3 g6 31. f4 fxe5 32. fxe5 Rd8 33. Rf1+ Ke7 34. h4
Rd5 35. h5 gxh5 36. gxh5 Rb5 37. Rb1 b6 38. axb6 Rxb6 39. Kg4 a5 40. Kxg5 axb4
41. h6 Kf7 42. Rf4+ Kg8 43. Rf6 Rxf6 44. exf6 b3 45. Kg6 b2 46. f7+ Kf8 47. h7
c5+ 48. Kg5 1-0

[Event "AUTO-MASTER-2240"]
[Site "http://www.queenalice.com/game.php?id=1338453"]
[Date "2015.1.31"]
[Round "1"]
[White "Bobtzu"]
[Black "docb"]
[Result "1-0"]
[WhiteElo "2079"]
[BlackElo "2046"]

1. e4 Nc6 2. Nf3 d6 3. d4 Bg4 4. Be2 Nf6 5. c3 e6 6. O-O Nxe4 7. h3 Bh5 8. Re1
d5 9. Bf4 Bd6 10. Ne5 Bxe2 11. Qxe2 Bxe5 12. Bxe5 Nxe5 13. dxe5 Qg5 14. Qb5+ c6
15. Qxb7 O-O 16. Qxc6 Rfc8 17. Qa6 Rc7 18. Na3 Qd2 19. Nb5 Qxf2+ 20. Kh2 Qg3+
21. Kg1 Rd7 22. Qc6 Rad8 23. Nd4 Qxe5 24. Qa4 Qc7 25. Rad1 Rb8 26. Qc2 Qc4 27.
Nb3 Rdd8 28. Rd4 Qc7 29. Qd3 a5 30. Re2 a4 31. Rxa4 Ra8 32. Rxa8 Rxa8 33. Qb5
Rxa2 34. Qe8# 1-0

[Event "AUTO-MASTER-2240"]
[Site "http://www.queenalice.com/game.php?id=1338454"]
[Date "2015.1.31"]
[Round "1"]
[White "docb"]
[Black "Bobtzu"]
[Result "0-1"]
[WhiteElo "2081"]
[BlackElo "2056"]

1. e4 Nc6 2. Nc3 b6 3. g3 Bb7 4. Bg2 e6 5. f4 Bc5 6. Nf3 Nge7 7. d4 Bb4 8. a3
Bxc3+ 9. bxc3 d5 10. e5 Ba6 11. Be3 Nf5 12. Bf2 f6 13. g4 Nh6 14. Bh4 Nxg4 15.
Bh3 Ne3 16. Qd2 Nf5 17. Bxf5 exf5 18. exf6 gxf6 19. O-O-O Qd6 20. Rde1+ Kd7 21.
Rhg1 Rhg8 22. Rxg8 Rxg8 23. Kb2 Rg4 24. Qe3 Ne7 25. Bxf6 Qxf6 26. Ne5+ Kd6 27.
Nxg4 fxg4 28. Qe5+ Qxe5 29. fxe5+ Ke6 30. Rg1 h5 31. h3 Be2 32. hxg4 hxg4 33.
Kc1 Nf5 34. Kd2 Bf3 35. a4 g3 0-1

[Event "AUTO-MASTER-2240"]
[Site "http://www.queenalice.com/game.php?id=1338455"]
[Date "2015.1.31"]
[Round "1"]
[White "Bobtzu"]
[Black "NMendes"]
[Result "0-1"]
[WhiteElo "2094"]
[BlackElo "2172"]

1. e4 e6 2. d4 d5 3. exd5 exd5 4. Bf4 Ne7 5. Bd3 Ng6 6. Bg3 Be7 7. Ne2 Be6 8.
O-O O-O 9. c3 f5 10. Nf4 Nxf4 11. Bxf4 g5 12. Be5 Nc6 13. f4 g4 14. Qe2 Kf7 15.
Nd2 Qd7 16. Nb3 Rae8 17. Nc5 Bxc5 18. dxc5 Ke7 19. Qf2 Kd8 20. b4 Nxe5 21. fxe5
f4 22. Qh4+ Kc8 23. Qxh7 Rf7 24. Qh5 Rg8 25. a4 f3 26. b5 Qe7 27. Rf2 Qxc5 28.
Qh6 Kd7 29. c4 g3 30. hxg3 Rxg3 0-1

[Event "AUTO-MASTER-2240"]
[Site "http://www.queenalice.com/game.php?id=1338456"]
[Date "2015.1.31"]
[Round "1"]
[White "NMendes"]
[Black "Bobtzu"]
[Result "1-0"]
[WhiteElo "2227"]
[BlackElo "2066"]

1. e4 d5 2. exd5 Qxd5 3. Nc3 Qa5 4. Bc4 Nf6 5. b3 g6 6. Bb2 Bg7 7. Nd5 Nh5 8.
Qe2 e6 9. Bxg7 Nxg7 10. Qe5 Kd7 11. Qxg7 exd5 12. Qxf7+ Kd6 13. Qf6+ Kd7 14.
Qxh8 dxc4 15. Nf3 Nc6 16. O-O Qf5 17. Rfe1 Qf7 18. Ng5 Qf5 19. Re6 1-0

[Event "AUTO-OPEN-3428"]
[Site "http://www.queenalice.com/game.php?id=1338619"]
[Date "2015.2.1"]
[Round "1"]
[White "Betim_Xadrez"]
[Black "Bobtzu"]
[Result "0-1"]
[WhiteElo "1732"]
[BlackElo "2060"]

1. e4 d5 2. exd5 Qxd5 3. Nc3 Qa5 4. d4 c6 5. Nf3 Nf6 6. Bd3 Bg4 7. O-O e6 8. Bd2
Qb6 9. Be3 Qa5 10. h3 Bxf3 11. Qxf3 Nbd7 12. a3 Be7 13. Rfe1 O-O 14. Bd2 Qc7 15.
Rab1 Rad8 16. Bg5 c5 17. dxc5 Bxc5 18. Ne4 Be7 19. Nxf6+ Nxf6 20. Bxf6 Bxf6 21.
Qe4 g6 22. h4 Rd4 23. Qe3 Rxh4 24. g3 Rh5 25. Qf3 Kg7 26. Be2 Rf5 27. Qb3 Qc5
28. Rf1 Bd4 29. Qxb7 Rxf2 30. Rxf2 Bxf2+ 31. Kf1 Bxg3 32. Kg2 Qf2+ 33. Kh3 Qh2+
34. Kg4 h5+ 35. Kf3 Qf2+ 0-1

[Event "AUTO-OPEN-3428"]
[Site "http://www.queenalice.com/game.php?id=1338620"]
[Date "2015.2.1"]
[Round "1"]
[White "Bobtzu"]
[Black "Betim_Xadrez"]
[Result "1-0"]
[WhiteElo "2073"]
[BlackElo "1822"]

1. e4 e5 2. Nf3 Nc6 3. d4 exd4 4. Nxd4 Bc5 5. Be3 Qf6 6. c3 d6 7. g3 Bd7 8. Bg2
Nge7 9. O-O O-O-O 10. Na3 Bxa3 11. bxa3 Rde8 12. Qb3 Nxd4 13. Bxd4 Qg6 14. Bxa7
b6 15. Bxb6 cxb6 16. Qxb6 Nc6 17. Rab1 Qf6 18. Qa6+ Kd8 19. c4 Ke7 20. Rb7 Rd8
21. Rxd7+ Rxd7 22. Qxc6 Rhd8 23. Rd1 Kf8 24. a4 Qb2 25. e5 Qxa2 26. Rxd6 Rxd6
27. exd6 Qd2 28. c5 f5 29. Qb6 Rd7 30. Bc6 Qe1+ 31. Kg2 Rf7 32. Qd8+ 1-0

[Event "AUTO-OPEN-3428"]
[Site "http://www.queenalice.com/game.php?id=1338641"]
[Date "2015.2.1"]
[Round "1"]
[White "franz_ferdinand"]
[Black "Bobtzu"]
[Result "1-0"]
[WhiteElo "2097"]
[BlackElo "2104"]

1. e4 d5 2. exd5 Qxd5 3. Nc3 Qa5 4. d4 c6 5. Nf3 Nf6 6. Bc4 Bf5 7. Bd2 Nbd7 8.
O-O e6 9. Qe2 Be7 10. Rfe1 Qc7 11. d5 Nxd5 12. Nxd5 cxd5 13. Bxd5 O-O 14. Bb3
Nf6 15. Nd4 Bg4 16. f3 Bc5 17. Be3 Bh5 18. Qf2 Nd5 19. Bxd5 exd5 20. c3 Bxd4 21.
Bxd4 b6 22. Qh4 Bg6 23. Qg5 1-0

[Event "AUTO-OPEN-3428"]
[Site "http://www.queenalice.com/game.php?id=1338642"]
[Date "2015.2.1"]
[Round "1"]
[White "Bobtzu"]
[Black "franz_ferdinand"]
[Result "1/2-1/2"]
[WhiteElo "2063"]
[BlackElo "2120"]

1. e4 c6 2. d4 d5 3. exd5 cxd5 4. Bd3 Nf6 5. h3 Nc6 6. Nf3 g6 7. O-O Bg7 8. Bf4
O-O 9. c3 Bd7 10. Nbd2 Qc8 11. Ne5 Bf5 12. Nxc6 bxc6 13. Qc2 Bxd3 14. Qxd3 Qd7
15. Rfe1 Rfe8 16. Re2 e6 17. Rae1 a5 18. Be5 a4 19. Qf3 Qd8 20. b3 axb3 21. axb3
Nh5 22. Bxg7 Nxg7 23. b4 Ra3 24. Re3 Nf5 25. Rd3 Qd6 26. c4 Rxd3 27. Qxd3 dxc4
28. Qxc4 Nxd4 29. Ne4 Qd8 30. Qc3 e5 31. f4 f5 32. Qc4+ Kg7 33. Ng5 Qd5 34. Qxd5
cxd5 35. Rxe5 Rxe5 36. fxe5 Nc6 37. b5 Nxe5 38. b6 Nd7 39. b7 h6 40. Ne6+ Kf6
41. Nc7 Nb8 42. Nxd5+ Ke5 43. Ne7 g5 44. Kf2 h5 45. Kf3 1/2-1/2

[Event "AUTO-OPEN-3428"]
[Site "http://www.queenalice.com/game.php?id=1338655"]
[Date "2015.2.1"]
[Round "1"]
[White "Bobtzu"]
[Black "Aspayne"]
[Result "1/2-1/2"]
[WhiteElo "2103"]
[BlackElo "2127"]

1. e4 Nf6 2. e5 Nd5 3. d4 d6 4. c4 Nb6 5. f4 g6 6. Nf3 Bg7 7. Nc3 O-O 8. Be2 c5
9. dxc5 dxc5 10. O-O Nc6 11. Be3 Nd7 12. a3 b6 13. Qc2 e6 14. Ne4 Bb7 15. Rad1
Qc7 16. Nd6 f6 17. Nb5 Qc8 18. Nd6 Qc7 1/2-1/2

[Event "AUTO-OPEN-3428"]
[Site "http://www.queenalice.com/game.php?id=1338656"]
[Date "2015.2.1"]
[Round "1"]
[White "Aspayne"]
[Black "Bobtzu"]
[Result "1-0"]
[WhiteElo "2113"]
[BlackElo "2115"]

1. e4 d5 2. exd5 Qxd5 3. Nc3 Qd8 4. Nf3 Nf6 5. d4 Bg4 6. Be2 e6 7. O-O c6 8. Be3
Nbd7 9. Ne5 Bxe2 10. Qxe2 Bd6 11. Rad1 O-O 12. f4 Nb6 13. f5 Re8 14. Bg5 Nbd5
15. Ne4 Qb6 16. Nxd6 1-0